Normal view
MARC view
- Slim William , Sir
Entry Personal Name
001 - CONTROL NUMBER
- control field: 105965
003 - CONTROL NUMBER IDENTIFIER
- control field: NUST
005 - DATE AND TIME OF LATEST TRANSACTION
- control field: 20221226135514.0
008 - FIXED-LENGTH DATA ELEMENTS
- fixed length control field: 221226|| aca||aabn | a|a d
040 ## - CATALOGING SOURCE
- Original cataloging agency: NUST
- Transcribing agency: NUST
100 ## - HEADING--PERSONAL NAME
- Personal name: Slim William , Sir
670 ## - SOURCE DATA FOUND
- Source citation: Work cat.: (NUST)185720: Slim William , Sir, Defeat into victory /, 1956
